000
00263nam a22001217a 4500
003
SGT
082
_a
364.36
_b
SHA
100
_a
SHARMA PRABHAT
245
_a
JUVENILE JUSTICE BALANCING SOCIETY AND CHILDS NEEDS
260
_c
2016
300
_a
99
942
_2
ddc
_c
TH
999
_c
17931
_d
17931